[Event "Equeurdreville UST op"]
[Site "Equeurdreville"]
[Date "2012.09.29"]
[Round "1"]
[White "Bavinckhove, Myrial"]
[Black "Masson, Titouan"]
[Result "1-0"]
[WhiteElo "1475"]
[BlackElo "1199"]
[PlyCount "77"]
[EventDate "2012.09.29"]
[EventType "swiss"]
[EventRounds "5"]
[EventCountry "FRA"]
[SourceTitle "EXT 2014"]
[Source "ChessBase"]
[SourceDate "2013.11.20"]
[SourceVersion "1"]
[SourceVersionDate "2013.11.20"]
[SourceQuality "1"]

1. d4 d5 2. e4 dxe4 3. Nc3 Nf6 4. f3 Bf5 5. fxe4 Nxe4 6. Qf3 Qxd4 7. Qxf5 Nxc3 8. Qc8+ Qd8 9. Qxd8+ Kxd8 10. bxc3 Nc6 11. Be3 e6 12. 0-0-0+ Ke8 13. Bb5 Ba3+ 14. Kb1 Ke7 15. Bxc6 Rhd8 16. Rxd8 Rxd8 17. Bf3 e5 18. Nh3 Rb8 19. Bxa7 Ra8 20. Be3 Ra5 21. c4 b5 22. Bd2 Ra4 23. cxb5 Rd4 24. Bc3 Rc4 25. Bxe5 f6 26. Bxf6+ gxf6 27. Re1+ Kf8 28. Re3 Rb4+ 29. Rb3 Ke7 30. Rxb4 Bxb4 31. Nf4 Kd6 32. Nd5 Ba3 33. Nxf6 Kc5 34. Bc6 Kb6 35. Nd5+ Kc5 36. Nxc7 Kd6 37. Na8 h5 38. Bf3 h4 39. b6 1-0